[Event "Bratislava Slovan op"]
[Site "Bratislava"]
[Date "2013.04.27"]
[Round "1"]
[White "Belak, Milan"]
[Black "Machalec, Vladimir"]
[Result "0-1"]
[WhiteElo "1673"]
[BlackElo "1943"]
[PlyCount "62"]
[EventDate "2013.04.27"]
[EventType "swiss"]
[EventRounds "9"]
[EventCountry "SVK"]
[SourceTitle "EXT 2023"]
[Source "ChessBase"]
[SourceDate "2022.10.05"]
[SourceVersion "1"]
[SourceVersionDate "2022.10.05"]
[SourceQuality "1"]

1. c4 e5 2. Nc3 Nf6 3. Nf3 Nc6 4. g3 d5 5. cxd5 Nxd5 6. e4 Ndb4 7. a3 Nd3+ 8. Bxd3 Qxd3 9. Qe2 Qxe2+ 10. Nxe2 Bg4 11. Nfg1 Bc5 12. h3 Be6 13. Nf3 Rd8 14. b4 Bb6 15. Bb2 f6 16. Rc1 0-0 17. Rc3 Rd7 18. g4 Rfd8 19. Bc1 Bf7 20. Nh4 Nd4 21. Nxd4 Rxd4 22. f3 g6 23. Rh2 a5 24. bxa5 Bxa5 25. Rc5 Rc4 26. Rxc4 Bxc4 27. Ng2 Rd3 28. f4 Rf3 29. Kd1 exf4 30. Ne1 Rf1 31. Bb2 f3 0-1